| 000 | 00881cam a2200229 4500 | ||
|---|---|---|---|
| 001 | WB3805-24 | ||
| 008 | 020207n2002 000 0 eng u | ||
| 035 | _a(Sirsi) u116635 | ||
| 245 | _aDeprived areas share £185m fund | ||
| 260 | _c2002 | ||
| 490 |
_aRegeneration and Renewal _v1 February 2002, 5(1) |
||
| 520 | _aEuropean Commission has approved £185m of Urban II funding for ten new urban development programmes across Britain. The grants, which will run until 2006, will target deprived urban areas of Belfast, Bristol, Burnley, Clyde, Derby, East Durham Coalfield, Halifax, Peterborough, Stockwell and Thames Gateway. | ||
| 590 | _aWB | ||
| 650 | _aEUROPEAN COMMISSION | ||
| 650 | _aFUNDING | ||
| 650 | _aDEPRIVED AREAS | ||
| 650 | _aURBAN RENEWAL | ||
| 650 | _aSOCIAL DEVELOPMENT | ||
| 650 | _aECONOMIC DEVELOPMENT | ||
| 690 | _aREGENERATION | ||
| 942 | _n0 | ||
| 999 |
_c69454 _d69454 |
||